000 01057cam a2200289 a 4500
001 11769993
003 OSt
005 20240415161127.0
008 990812s2000 njua b 001 0 eng
010 _a 99045003
020 _a0139554025
035 _a(DLC) 99045003
040 _aDLC
_cDLC
_dDLC
050 0 0 _aBF713
_b.C72 2000
082 0 0 _a338.9 CRA 2000
_221
100 1 _aCrain, William C.,
_97875
245 1 0 _aTheories of Development :
_bconcepts and applications
250 _a4th ed.
260 _aUpper Saddle River, N.J. :
_bPrentice Hall,
_c2000.
300 _axii, 420 p. :
_bill. ;
_c24 cm.
504 _aIncludes bibliographical references (p. 385-403) and indexes.
650 0 _aEconomic development
_97876
650 0 _aEconomic transformatiom
_916958
906 _a7
_bcbc
_corignew
_d1
_eocip
_f19
_gy-gencatlg
942 _2ddc
_cSLOAN
999 _c3527
_d3527